World trade atlas : China edition, September 2000 [
| Format: | Book |
|---|---|
| Published: |
Columbia, S.C:
Global Information Services,
2000.
|
| Subjects: |
| LEADER | 00480cam a2200133 7i4500 | ||
|---|---|---|---|
| 001 | 0000010113 | ||
| 005 | 20010924090000.0 | ||
| 090 | 0 | 0 | |a CD-ROM 164-1(9) |b WOR |
| 245 | 0 | 0 | |a World trade atlas : |b China edition, September 2000 [ |m electronic resources]. |
| 260 | 0 | 0 | |a Columbia, S.C: |b Global Information Services, |c 2000. |
| 300 | # | # | |a Electronic computer optical disc (CD-ROM). |
| 650 | 0 | 0 | |a Statistics -- |z China |
| 651 | 0 | 0 | |a China |
| 999 | |a CDR000313B |b CD-ROM |c AV Collection |e Business Information Centre | ||